Zawody na literę N - Statystyki

Ogólne statystyki
  • Ten quiz został rozwiązany 129 razy
  • Średni wynik to 4 z 8
Statystyki odpowiedzi
Zawód % Poprawnych
nauczyciel
82%
neurolog
73%
nurek
66%
narciarz
63%
notariusz
42%
naukowiec
28%
niania
15%
negocjator
10%
Nie znaleziono quizów pasujących do podanych kryteriów
Rozkład punktacji
Procent ludzi z każdym wynikiem
Percentyl według liczby udzielonych odpowiedzi
Twoja historia wyników
Nie rozwiązałeś tego quizu